Microsoft SQL Server 2005 : the complete reference

SQL Server 2005 is Microsoft's next-generation data management and analysis software designed to deliver increased scalability, availability, and security to enterprise data and analytical applications while making them easier to create, deploy, and manage.

שמור ב:
מידע ביבליוגרפי
מחבר ראשי: Shapiro,Jeffrey R.
פורמט: ספר
שפה:Undetermined
יצא לאור: New York McGraw-Hill Companies, Inc. 2007
נושאים:
תגים: הוספת תג
אין תגיות, היה/י הראשונ/ה לתייג את הרשומה!
Thư viện lưu trữ: Trung tâm Học liệu Trường Đại học Cần Thơ
LEADER 00862nam a2200217Ia 4500
001 CTU_138016
008 210402s9999 xx 000 0 und d
020 |c 34.99 
082 |a 005.758522 
082 |b S529 
100 |a Shapiro,Jeffrey R. 
245 0 |a Microsoft SQL Server 2005 : 
245 4 |b the complete reference 
245 0 |c Jeffrey R Shapiro 
260 |a New York 
260 |b McGraw-Hill Companies, Inc. 
260 |c 2007 
520 |a SQL Server 2005 is Microsoft's next-generation data management and analysis software designed to deliver increased scalability, availability, and security to enterprise data and analytical applications while making them easier to create, deploy, and manage. 
650 |a Client/server computing,Mạng máy tính 
904 |i Hồng Nhung 
980 |a Trung tâm Học liệu Trường Đại học Cần Thơ